00821nam a22002177a 4500001000700000003000900007005001700016008004100033040004900074041000800123082001100131245010100142260005900243300001700302490004200319650004400361650005500405942001200460999001900472952011200491113948DR-UNIBE20250813111824.0250725b2008 mx ||||| |||| 00| 0 spa d aBIBLIOTECA UNIBEbspacBIBLIOTECA UNIBEerda aspa aF 5705 aLa libre competencia y monopolio en los criterios de la Suprema Corte de Justicia de la Nación a[Lugar de publicación no identificado]bUNICEFc2011 a61 páginas aSerie cuaderno de jurisprudencia ;v3 72lembaJurisprudenciazMéxico 9198365 72lembaMonopolio xLegislaciónzMéxico 9198366 2ddccMX c113948d113948 00102ddc40708FOLaPrincipald2025-08-13l0oF 5705pF250144r2025-08-13 11:19:00tEj. 1w2025-08-13yMX